Tested Ways to Successful Fund Raising

Salvato in:
Dettagli Bibliografici
Autore principale: Brakeley, George A.
Natura: Libro
Lingua:inglese
Pubblicazione: New York American Management Associations 1980
Edizione:1. ed.
Tags: Aggiungi Tag
Nessun Tag, puoi essere il primo ad aggiungerne!!

MARC

LEADER 00000nam a2200000 4500
001 c028354
005 20221220102823.2
041 0 |a eng 
044 |a US 
245 1 0 |a Tested Ways to Successful Fund Raising  |c George A. Brakeley 
250 |a 1. ed. 
264 1 |a New York  |b American Management Associations  |c 1980 
300 |a 171 s. 
100 1 |a Brakeley, George A.